Vývoj na světových trzích komodit - listopad
Analýza svetového trhu s komoditami v novembri 1995. Pohyb cien ropy v súvislosti s politickými udalosťami vo svete a zahájením konferencie OPEC. Ceny zlata, niklu a olova. Spotreba hliníka v západnej Európe. Trh obilia a stav jeho zásob vo svete. Vývoj cien cukru, kukurice, kávy, kakaa. Svetové zás...
Guardado en:
| Formato: | Capítulo de libro |
|---|---|
| Lenguaje: | checo |
| Materias: | |
| Etiquetas: |
Sin Etiquetas, Sea el primero en etiquetar este registro!
|
MARC
| LEADER | 00000naa a2200000 4500 | ||
|---|---|---|---|
| 001 | r019110 | ||
| 005 | 20221205102847.6 | ||
| 041 | 0 | |a cze | |
| 044 | |a CZ | ||
| 245 | 1 | 0 | |a Vývoj na světových trzích komodit - listopad |
| 520 | |a Analýza svetového trhu s komoditami v novembri 1995. Pohyb cien ropy v súvislosti s politickými udalosťami vo svete a zahájením konferencie OPEC. Ceny zlata, niklu a olova. Spotreba hliníka v západnej Európe. Trh obilia a stav jeho zásob vo svete. Vývoj cien cukru, kukurice, kávy, kakaa. Svetové zásoby bavlny a podiel USA na nich. | ||
| 610 | 2 | 0 | |a trh svetový |
| 610 | 2 | 0 | |a analýza trhu |
| 610 | 2 | 0 | |a ceny trhové |
| 610 | 2 | 0 | |a komodity |
| 610 | 2 | 0 | |a ropa |
| 610 | 2 | 0 | |a kovy drahé |
| 610 | 2 | 0 | |a kovy neželezné |
| 610 | 2 | 0 | |a trh zlata |
| 610 | 2 | 0 | |a obilniny |
| 610 | 2 | 0 | |a káva |
| 610 | 2 | 0 | |a cukor |
| 610 | 2 | 0 | |a kakao |
| 610 | 2 | 0 | |a svet |
| 610 | 2 | 0 | |a zásoby |
| 610 | 2 | 0 | |a november |
| 610 | 2 | 0 | |a 1995 |